000
00281nam a22001337a 4500
008
170306b xxu||||| |||| 00| 0 eng d
020
_a
0721691277
041
_a
eng
080
_2
35TH
_a
611
100
_a
6
101
_a
SHM
245
_a
GRAY'S ANATOMY
_c
WARWICK
942
_2
udc
_c
BK
999
_c
6917
_d
6917